000 00483nam a2200193Ia 4500
008 240510s9999 xx 000 0 und d
020 _a0000155837648
041 _aEng
082 _a519.2 : 65
082 _bL16
100 _aLAPIN, Lawrence C.
245 0 _aStatistics for modern business decisions
260 _bNew York : Harcourt Brace Javanovich
260 _c1973
300 _a790 p.
650 _aStatistics : business management
942 _2ddc
942 _cLBK
999 _c24848
_d24848
945 _a1
_bMadushi Gamage
_c1
_dMadushi Gamage